埼玉県の市町村 人口順 - Statistics

General Stats
  • This quiz has been taken 89 times
  • The average score is 41 of 63
Answer Stats
Answer 人口 % Correct
1 さいたま市 1,351,136
100%
2 川口市 594,649
98%
4 所沢市 340,774
96%
5 越谷市 338,868
95%
3 川越市 354,526
93%
6 草加市 249,795
91%
9 熊谷市 189,898
91%
7 上尾市 227,897
89%
8 春日部市 226,210
89%
36 秩父市 55,724
89%
30 蕨市 75,016
86%
11 久喜市 148,976
84%
13 朝霞市 143,988
82%
16 三郷市 141,524
80%
19 ふじみ野市 113,532
80%
17 深谷市 139,235
79%
26 飯能市 79,187
79%
14 戸田市 142,143
77%
18 鴻巣市 116,330
77%
23 八潮市 94,379
77%
25 和光市 84,832
77%
31 桶川市 73,651
77%
20 富士見市 113,172
75%
12 狭山市 147,078
73%
27 本庄市 77,528
73%
34 北本市 64,498
73%
10 新座市 166,194
71%
24 東松山市 92,580
71%
38 白岡市 52,269
71%
15 入間市 142,138
70%
28 行田市 76,361
70%
21 加須市 110,719
68%
39 羽生市 52,188
68%
35 蓮田市 61,087
66%
37 日高市 53,420
66%
63 東秩父村 2,391
66%
29 志木市 75,101
64%
40 幸手市 48,541
64%
32 吉川市 71,177
63%
22 坂戸市 99,645
61%
46 寄居町 31,063
61%
33 鶴ヶ島市 70,068
59%
49 小川町 26,870
59%
52 嵐山町 17,541
59%
59 小鹿野町 9,780
52%
62 長瀞町 6,319
52%
41 伊奈町 45,011
48%
42 杉戸町 43,025
48%
45 宮代町 33,670
48%
57 越生町 10,439
48%
44 毛呂山町 34,315
45%
48 松伏町 27,195
45%
58 ときがわ町 9,858
45%
43 三芳町 37,701
41%
51 川島町 18,367
39%
54 鳩山町 12,880
39%
60 皆野町 8,726
38%
47 上里町 29,993
36%
61 横瀬町 7,467
36%
53 吉見町 17,189
34%
55 神川町 12,744
34%
50 滑川町 20,017
29%
56 美里町 10,663
29%
No matching quizzes found
Score Distribution
Percent of People with Each Score
Percentile by Number Answered
Your Score History
You have not taken this quiz